| 000 -LEADER | |
|---|---|
| fixed length control field | 00583nam a22001937a 4500 |
| 005 - DATE AND TIME OF LATEST TRANSACTION | |
| control field | 20250420134812.0 |
| 008 - FIXED-LENGTH DATA ELEMENTS--GENERAL INFORMATION | |
| fixed length control field | 200726b ||||| |||| 00| 0 eng d |
| 020 ## - INTERNATIONAL STANDARD BOOK NUMBER | |
| International Standard Book Number | 9781292020761 |
| 040 ## - CATALOGING SOURCE | |
| Transcribing agency | KCST |
| 082 ## - DEWEY DECIMAL CLASSIFICATION NUMBER | |
| Classification number | 530 |
| Item number | Gi Ph |
| 100 ## - MAIN ENTRY--PERSONAL NAME | |
| Personal name | Giancoli, Douglas C. |
| 9 (RLIN) | 4698 |
| 245 ## - TITLE STATEMENT | |
| Title | Physics for scientists & engineers with modern physics |
| Statement of responsibility, etc. | Douglas C. Giancoli. |
| 250 ## - EDITION STATEMENT | |
| Edition statement | 4th edition |
| Remainder of edition statement | Pearson new Int. edition. |
| 260 ## - PUBLICATION, DISTRIBUTION, ETC. | |
| Place of publication, distribution, etc. | Harlow: |
| Name of publisher, distributor, etc. | Pearson; |
| Date of publication, distribution, etc. | 2014. |
| 300 ## - PHYSICAL DESCRIPTION | |
| Extent | VI, 1426 p.: |
| Other physical details | ill.; |
| Dimensions | 28 cm. |
| 650 ## - SUBJECT ADDED ENTRY--TOPICAL TERM | |
| Topical term or geographic name entry element | Physics |
| Form subdivision | Problems and exercises. |
| 9 (RLIN) | 4699 |
| 942 ## - ADDED ENTRY ELEMENTS (KOHA) | |
| Koha item type | Book |
| 942 ## - ADDED ENTRY ELEMENTS (KOHA) | |
| Source of classification or shelving scheme | Dewey Decimal Classification |
| Withdrawn status | Lost status | Source of classification or shelving scheme | Damaged status | Not for loan | Home library | Current library | Date acquired | Cost, normal purchase price | Total checkouts | Full call number | Barcode | Date last seen | Price effective from | Koha item type | Source of acquisition |
|---|---|---|---|---|---|---|---|---|---|---|---|---|---|---|---|
| Dewey Decimal Classification | KCST Library | KCST Library | 26/07/2020 | 21.76 | 530 Gi Ph | 1000000727 | 26/07/2020 | 26/07/2020 | Book | ||||||
| Dewey Decimal Classification | KCST Library | KCST Library | 27/11/2023 | 62.60 | 530 Gi Ph | 1000001498 | 16/07/2024 | 26/07/2020 | Book | Dr. Junais Mokkath |